/محمد صلي الله علية وسلم في مكة (Record no. 8089)
[ view plain ]
| 000 -LEADER | |
|---|---|
| fixed length control field | 00876nac a22001931u 4500 |
| 008 - FIXED-LENGTH DATA ELEMENTS--GENERAL INFORMATION | |
| fixed length control field | 080817s2002 ua||||||r||| 000 0 ra d |
| 020 ## - INTERNATIONAL STANDARD BOOK NUMBER | |
| International Standard Book Number | 9770177075 |
| 082 ## - DEWEY DECIMAL CLASSIFICATION NUMBER | |
| Classification number | 239 |
| Item number | و ا ت |
| Edition number | 22 |
| 245 ## - TITLE STATEMENT | |
| Title | /محمد صلي الله علية وسلم في مكة |
| Statement of responsibility, etc | و. مونتجمري وات ؛ ترجمة عبد الرحمن عبد الله الشيخ ، حسين عيسي ؛ مراجعة أحمد شلبي. |
| 246 ## - VARYING FORM OF TITLE | |
| Title proper/short title | Mohammed at Mecca |
| 260 ## - PUBLICATION, DISTRIBUTION, ETC. (IMPRINT) | |
| Place of publication, distribution, etc | القاهرة : |
| Name of publisher, distributor, etc | الهيئة المصرية العامة للكتاب، 2002. |
| Date of publication, distribution, etc | 2002. |
| 300 ## - PHYSICAL DESCRIPTION | |
| Extent | 384 :ص |
| Other physical details | ايض ؛ |
| Dimensions | 24 سم. |
| 500 ## - GENERAL NOTE | |
| General note | يحتوى على ملاحق |
| 500 ## - GENERAL NOTE | |
| General note | ترجمة لكتاب Mohammed at Mecca - by Watt, William Montgomry |
| 504 ## - BIBLIOGRAPHY, ETC. NOTE | |
| Bibliography, etc | ببليوجرافية من ص 381-384 |
| 511 ## - PARTICIPANT OR PERFORMER NOTE | |
| Participant or performer note | Catalogued by: Sara |
| 541 ## - IMMEDIATE SOURCE OF ACQUISITION NOTE | |
| Source of acquisition | ألف باء؛ |
| 942 ## - ADDED ENTRY ELEMENTS (KOHA) | |
| Item type | Book - Borrowing |
| Call number prefix | 239و ا ت |
| Source of classification or shelving scheme | Dewey Decimal Classification |
| Withdrawn status | Item status | Source of classification or shelving scheme | Damaged status | Not for loan | Vendor | Home library | Current library | Shelving location | Date acquired | Source of acquisition | Total Checkouts | Total Renewals | Full call number | Barcode | Date last seen | Date last borrowed | Koha item type |
|---|---|---|---|---|---|---|---|---|---|---|---|---|---|---|---|---|---|
| Dewey Decimal Classification | Alef-Baa | Central Library | Central Library | Lower Floor | 25/07/2010 | 1 | 1 | 239 و ا ت | 000010029 | 15/07/2025 | 10/03/2009 | Book - Borrowing |